| 000 -LEADER |
| fixed length control field |
01207nam a2200181 a 4500 |
| 020 ## - INTERNATIONAL STANDARD BOOK NUMBER |
| ISBN |
0395172039 (hardcover) |
| 020 ## - INTERNATIONAL STANDARD BOOK NUMBER |
| ISBN |
9780395172032 (hardcover) |
| 100 1# - MAIN ENTRY--AUTHOR NAME |
| Personal name |
Budak, Aram. |
| 245 10 - TITLE STATEMENT |
| Title |
Passive and active network analysis and synthesis. / |
| 250 ## - EDITION STATEMENT |
| Edition statement |
1ST ed. |
| 260 ## - PUBLICATION, DISTRIBUTION, ETC. (IMPRINT) |
| Place of publication |
[S.l.] : |
| Name of publisher |
Houghton Mifflin School, |
| Year of publication |
1974. |
| 300 ## - PHYSICAL DESCRIPTION |
| Number of Pages |
733 p. ; |
| 520 ## - SUMMARY, ETC. |
| Summary, etc |
The material in this comprehensive volume was selected to provide physical insight and thorough understanding of the complex-frequency domain and its application to circuits. Well-organized, self-contained chapters detail analysis and synthesis for passive as well as active networks, present and compare a variety of approximating functions, and emphasize the study of widely used second-order functions and their realizations. Multiple examples designed to facilitate learning and outline the necessary theoretical perspectives and physical concepts for an open-ended approach to physical circuit design are provided. |
| 856 40 - ELECTRONIC LOCATION AND ACCESS |
| Uniform Resource Identifier |
http://www.amazon.com/exec/obidos/ASIN/0395172039/chopaconline-20 |